Statistiques concernant Devinez le Pays Mystère #98

Cliquez ici pour prendre le quiz!

Statistiques générales

  • Ce quiz a été pris 204 fois
  • Le résultat moyen est 13 sur 19

Statistiques - réponses

Type de RéponseRéponse% Correct
Lettre TrouvéeÉ
100%
Lettre Bien PlacéeE
98%
Lettre TrouvéeI
91%
Lettre TrouvéeN
90%
Lettre TrouvéeE
89%
Lettre Bien PlacéeI
75%
Lettre TrouvéeS
75%
Lettre Bien PlacéeN
71%
Lettre TrouvéeN
71%
Lettre TrouvéeO
56%
Lettre TrouvéeD
53%
Lettre Bien PlacéeD
50%
Lettre Bien PlacéeÉ
50%
Lettre Bien PlacéeI
50%
Lettre TrouvéeI
50%
Pays MystèreIndonésie
50%
Lettre Bien PlacéeN
50%
Lettre Bien PlacéeO
50%
Lettre Bien PlacéeS
50%

Distribution des résultats

Percentile par nombre de réponses

% des personnes avec chaque résultat

Votre développement - résultats

Vous n’avez pas pris ce quiz